000
00321nam a22001337a 4500
008
180914b xxu||||| |||| 00| 0 eng d
020
_a
9780963789716
041
_a
eng
080
_a
23224
100
_a
24
101
_a
TEO
245
_a
A Source For Earth Community Of Religions
_c
Joe.B
942
_2
udc
_c
BK
999
_c
47765
_d
47765